MARC details
| 000 -LEADER |
| fixed length control field |
01241nam a2200325#a 4500 |
| 001 - CONTROL NUMBER |
| control field |
00137 |
| 003 - CONTROL NUMBER IDENTIFIER |
| control field |
HDC |
| 007 - PHYSICAL DESCRIPTION FIXED FIELD--GENERAL INFORMATION |
| fixed length control field |
ta |
| 008 - FIXED-LENGTH DATA ELEMENTS--GENERAL INFORMATION |
| fixed length control field |
230623s2002 xx 000 0 eng d |
| 020 ## - INTERNATIONAL STANDARD BOOK NUMBER |
| International Standard Book Number |
306467542 (hbk.). |
| 040 ## - CATALOGING SOURCE |
| Original cataloging agency |
HDC |
| 050 ## - LIBRARY OF CONGRESS CALL NUMBER |
| Classification number |
HD 9000.5 |
| Item number |
.G583 2002 |
| 245 #0 - TITLE STATEMENT |
| Title |
Global food trade and consumer demand for quality / |
| Statement of responsibility, etc. |
edited by Barry Krissoff, Mary Bohman, and Julie A. Caswell. |
| 264 ## - PRODUCTION, PUBLICATION, DISTRIBUTION, MANUFACTURE, AND COPYRIGHT NOTICE |
| Place of production, publication, distribution, manufacture |
New York : |
| Name of producer, publisher, distributor, manufacturer |
Kluwer Academic, |
| Date of production, publication, distribution, manufacture, or copyright notice |
c2002 |
| 300 ## - PHYSICAL DESCRIPTION |
| Extent |
xvi,251p. : |
| Other physical details |
ill. ; |
| Dimensions |
26cm. |
| 500 ## - GENERAL NOTE |
| General note |
Based on the proceedings of a conference held in June 2000 under the cosponsorship of the International Agricultural Trade Research Consortium and Regional Research Project NE-165: Private strategies, public policies, and food system performance. |
| -- |
Includes bibliographical references and index. |
| 650 ## - SUBJECT ADDED ENTRY--TOPICAL TERM |
| Topical term or geographic name entry element |
Consumption (Economics) |
| 650 ## - SUBJECT ADDED ENTRY--TOPICAL TERM |
| Topical term or geographic name entry element |
Consumption (Economics) |
| 650 ## - SUBJECT ADDED ENTRY--TOPICAL TERM |
| Topical term or geographic name entry element |
Globalization. |
| 650 ## - SUBJECT ADDED ENTRY--TOPICAL TERM |
| Topical term or geographic name entry element |
Produce trade |
| General subdivision |
Government policy. |
| 700 ## - ADDED ENTRY--PERSONAL NAME |
| Personal name |
Bohman, Mary. |
| 700 ## - ADDED ENTRY--PERSONAL NAME |
| Personal name |
Bohman, Mary. |
| 700 ## - ADDED ENTRY--PERSONAL NAME |
| Personal name |
Caswell, Julie A. |
| 700 ## - ADDED ENTRY--PERSONAL NAME |
| Personal name |
International Agricultural Trade Research Consortium. |
| 700 ## - ADDED ENTRY--PERSONAL NAME |
| Personal name |
Krissoff, Barry. |
| 942 ## - ADDED ENTRY ELEMENTS (KOHA) |
| Source of classification or shelving scheme |
Library of Congress Classification |
| 942 ## - ADDED ENTRY ELEMENTS (KOHA) |
| Koha item type |
Book |
| 942 ## - ADDED ENTRY ELEMENTS (KOHA) |
| Call number prefix |
HD 9000.5 |
| 942 ## - ADDED ENTRY ELEMENTS (KOHA) |
| Call number suffix |
.G583 2002 |